Ile znasz piosenek Chivasa - Statystyki

Ogólne statystyki
  • Ten quiz został rozwiązany 222 razy
    219 od ostatniego zresetowania
  • Średni wynik to 43 z 70
Statystyki odpowiedzi
Album Nuta % Poprawnych
Deathcore Death note
86%
młody say10 Anyżowe żelki
84%
nauczyłem się przeklinać Młody say10
83%
młody say10 Narcyz
82%
nauczyłem się przeklinać XO
80%
Brak Hellstar
78%
młody say10 Miałem kolege bartka
78%
nauczyłem się przeklinać Mam na twarzy krew i tym razem nie jest sztuczna
76%
Deathcore Nowy batman
76%
Lato2024 Prawie straciłem głos
76%
Deathcore Rysunkowy potwór
76%
młody say10 Drzewko
75%
Deathcore Nóż motylkowy
74%
Deathcore Starlink
74%
Lato2024 Szafka w małym pokoju
74%
Deathcore Jem zimnego tosta
73%
młody say10 Koleżanko mojej byłej
73%
młody say10 Narcyz w klubie
73%
Deathcore Opium
73%
Brak odkąd nauczyłem się (przeklinać)
72%
nauczyłem się przeklinać Odkąd nauczyłem się przeklinac
72%
Deathcore Zabiłem motyla
72%
nauczyłem się przeklinać Jakbym miał w reku klamke
71%
młody say10 Kupic jej gaz czy torebke
71%
Deathcore Nienawidze warszawy
70%
nauczyłem się przeklinać To nie koniec
70%
Brak Doritos
69%
Lato2024 5 milionów influencerek
68%
SB Mafija 3 Czarna Perła
68%
młody say10 Jestes najlepszy/najlepsza
68%
nauczyłem się przeklinać Najlepsi pod słoncem
68%
nauczyłem się przeklinać Palenie Zabija
68%
nauczyłem się przeklinać Comme des garcons
67%
nauczyłem się przeklinać Generacja hip hop
67%
nauczyłem się przeklinać Hellcat redeye
67%
młody say10 Mam chyba za drogie auto
67%
nauczyłem się przeklinać To Dopiero Początek
65%
nauczyłem się przeklinać Charger
64%
młody say10 To ostatni raz gdy jade nad bałtyk
64%
Brak Septum
63%
Lato2024 To nie koniec z wami
63%
nauczyłem się przeklinać Zabij dla mnie
63%
Brak SSSSMUTNO
61%
Brak WWW
60%
Sen którego nigdy nie miałem Zoe kravitz
60%
Różowa Pantera Potwór
59%
ROCKST4R Sto tysiecy razy
59%
nauczyłem się przeklinać Death Metalowy t-shirt
58%
Popkiller Młode Wilki 8 Interpol
58%
Deathcore Przyjdzie taki dzień gdy będe wolny
58%
Oh My Gawd Ty wiesz
58%
młody say10 Prevka na plyte może (Młody say10)
56%
Rodziny biznes GUGUX2115
54%
Brak MAXFACTOR
52%
Popkiller Młode Wilki 8 Nie wiem co robię w młodych wilkach
52%
Brak Gabbana
51%
Brak Trash
49%
Brak Astropanna
48%
Brak VROOM
48%
Brak Wszystko Będzie Dobrze
48%
Uzumaki forma ostateczna Na zawsze
46%
Rockstar: do zachodu słońca David
43%
Brak El Chapo
41%
młody say10 (delux) Demo
39%
Sauce Wszyscy śpią
33%
Popkiller Młode Wilki 8 Gdy zapada zmrok
29%
Popkiller Młode Wilki 8 Daj mi czas
28%
Trapicla moon High life
27%
Posejdon Skandal
27%
Brak Hot16Challenge2
8%
Nie znaleziono quizów pasujących do podanych kryteriów
Rozkład punktacji
Procent ludzi z każdym wynikiem
Percentyl według liczby udzielonych odpowiedzi
Twoja historia wyników
Nie rozwiązałeś tego quizu od ostatniego zresetowania